000 00343nam a2200133Ia 4500
008 100328s9999 xx 000 0 und d
082 _b60680
100 _aदांडेकर रेणू.
245 _aफुलोरा.
260 _bशब्द.
630 _aफुलोरा.
730 _aफुलोरा.
942 _cBOOK
999 _c546808
_d546805